[Event "Sulaymaniyah-ch"]
[Site "Sulaymaniyah"]
[Date "2013.09.27"]
[Round "5.5"]
[White "Sheida, Omar"]
[Black "Shayan, Sabri Mohmood"]
[Result "1-0"]
[WhiteElo "2034"]
[BlackElo "2136"]
[PlyCount "127"]
[EventDate "2013.09.25"]
[EventType "tourn"]
[EventRounds "9"]
[EventCountry "IRQ"]
[SourceTitle "EXT 2024"]
[Source "ChessBase"]
[SourceDate "2023.10.10"]
[SourceVersion "1"]
[SourceVersionDate "2023.10.10"]
[SourceQuality "1"]

1. e4 d6 2. d4 Nf6 3. Nc3 g6 4. Be3 Bg7 5. Qd2 c6 6. 0-0-0 0-0 7. Bh6 Nbd7 8. h4 b5 9. h5 e5 10. hxg6 fxg6 11. Bxg7 Kxg7 12. Qh6+ Kg8 13. Nf3 Qe7 14. Ng5 exd4 15. Rxd4 Ne5 16. f3 Nf7 17. Nxf7 Rxf7 18. Qd2 Ne8 19. e5 d5 20. Rdh4 Qxe5 21. Bxb5 Bd7 22. Bd3 Bf5 23. Bxf5 Qxf5 24. Ne2 Nd6 25. Nf4 Rg7 26. g4 Qf6 27. Nxd5 Qxf3 28. Ne7+ Rxe7 29. Qxd6 Qe3+ 30. Qd2 Qe6 31. b3 Rd7 32. Qc3 Re8 33. g5 Qf5 34. Qc4+ Qe6 35. Re1 Qxc4 36. Rxe8+ Kf7 37. Rxc4 Kxe8 38. Rxc6 Re7 39. Ra6 Kd8 40. Kd2 Kc8 41. Kd3 Kb7 42. Ra5 Kb6 43. b4 Rd7+ 44. Kc3 Re7 45. Kd4 Re1 46. c4 Rg1 47. a4 Rg4+ 48. Kc3 Rg3+ 49. Kd4 Rg4+ 50. Kd3 a6 51. Re5 Rg3+ 52. Kd4 Rb3 53. c5+ Kc6 54. Kc4 Rb1 55. b5+ axb5+ 56. axb5+ Kd7 57. c6+ Kc8 58. Kc5 Rc1+ 59. Kb6 Kd8 60. Rd5+ Kc8 61. Re5 Kd8 62. Kb7 h6 63. gxh6 g5 64. Rxg5 1-0